The American approach to foreign policy

Đã lưu trong:
Sonraí Bibleagrafaíochta
Príomhúdar: Perkins, Dexter
Formáid: Leabhar
Teanga:Undetermined
Foilsithe: Cambridge Harvard University Press 1952
Clibeanna: Cuir Clib Leis
Gan Chlibeanna, Bí ar an gcéad duine leis an taifead seo a chlibeáil!
Thư viện lưu trữ: Trung tâm Học liệu Trường Đại học Cần Thơ
LEADER 00458nam a2200169Ia 4500
001 CTU_86915
008 210402s9999 xx 000 0 und d
082 |a 327.73 
082 |b P447 
100 |a Perkins, Dexter 
245 4 |a The American approach to foreign policy 
245 0 |c Dexter Perkins 
260 |a Cambridge 
260 |b Harvard University Press 
260 |c 1952 
904 |i Trúc 
980 |a Trung tâm Học liệu Trường Đại học Cần Thơ